The clash of progress and security
محفوظ في:
| المؤلف الرئيسي: | |
|---|---|
| التنسيق: | كتاب |
| اللغة: | Undetermined |
| منشور في: |
London
MacMillan and Co., Ltd.
1935
|
| الموضوعات: | |
| الوسوم: |
إضافة وسم
لا توجد وسوم, كن أول من يضع وسما على هذه التسجيلة!
|
| Thư viện lưu trữ: | Trung tâm Học liệu Trường Đại học Cần Thơ |
|---|
| LEADER | 00506nam a2200181Ia 4500 | ||
|---|---|---|---|
| 001 | CTU_81829 | ||
| 008 | 210402s9999 xx 000 0 und d | ||
| 082 | |a 330.1 | ||
| 082 | |b F533 | ||
| 100 | |a Fisher, Allan G. B. | ||
| 245 | 4 | |a The clash of progress and security | |
| 245 | 0 | |c Allan G. B. Fisher | |
| 260 | |a London | ||
| 260 | |b MacMillan and Co., Ltd. | ||
| 260 | |c 1935 | ||
| 650 | |a Economics,Economics policy | ||
| 904 | |i Trọng Hải | ||
| 980 | |a Trung tâm Học liệu Trường Đại học Cần Thơ | ||